Megamiasta - nagła śmierć - Statystyki

Ogólne statystyki
  • Ten quiz został rozwiązany 100 razy
    32 od ostatniego zresetowania
  • Średni wynik to 7 z 27
Answers on the Grid
Answers color-coded by a green-red scale on the quiz's grid according to % correct below.
Aleksandria
Algier
Bagdad
Bangkok
Bengaluru
Berlin
Bogota
Brasília
Buenos Aires
Chartum
Chicago
Chongqing
Dżakarta
Fuzhou
Ho Chi Minh
Johannesburg
Kair
Kinszasa
Kolkota
Kuala Lumpur
Lagos
Lima
Londyn
Los Angeles
Luanda
Madryt
Meksyk
Melbourne
Moskwa
Nairobi
Nowy Jork
Osaka
Paryż
Rangun
Rijad
Rio de Janeiro
Santiago
Seul
Singapur
Stambuł
Teheran
Toronto
Urumczi
Wuhan
Xi'an
 
Statystyki odpowiedzi
Odpowiedź % Poprawnych
Bangkok
61%
Nowy Jork
61%
Meksyk
50%
Kair
39%
Londyn
39%
Moskwa
39%
Paryż
39%
Johannesburg
33%
Seul
33%
Buenos Aires
28%
Los Angeles
28%
Rio de Janeiro
28%
Stambuł
28%
Chongqing
22%
Dżakarta
22%
Lagos
22%
Osaka
22%
Wuhan
22%
Kolkota
17%
Lima
17%
Bogota
11%
Ho Chi Minh
11%
Kinszasa
11%
Teheran
11%
Xi'an
11%
Bengaluru
6%
Urumczi
0%
Nie znaleziono quizów pasujących do podanych kryteriów
Rozkład punktacji
Procent ludzi z każdym wynikiem
Percentyl według liczby udzielonych odpowiedzi
Twoja historia wyników
Nie rozwiązałeś tego quizu od ostatniego zresetowania